Southville International School and Colleges
Your cart is empty.
  • Cart
  • Lists
    Public lists Eva Luna New books Lux_list list_1
    Your lists Log in to create your own lists
  • Log in to your account
  • Your cookies
  • Search history
Southville International School and Colleges
  • Advanced search
  • Recent comments
  • Most popular
  • Libraries

Log in to your account

Log in with GOOGLE


If you do not have an external account, but do have a local account, you can still log in:

  1. Home
  2. MARC view: The New World dictionary-concordance to the new American Bible /
Normal view MARC view ISBD view

The New World dictionary-concordance to the new American Bible / (Record no. 305865)

[ view plain ]
MARC details
000 -LEADER
fixed length control field 00520nam a2200193Ia 4500
008 - FIXED-LENGTH DATA ELEMENTS--GENERAL INFORMATION
fixed length control field 170203s9999 xx 000 0 und d
020 ## - INTERNATIONAL STANDARD BOOK NUMBER
International Standard Book Number 0 529045400
050 ## - LIBRARY OF CONGRESS CALL NUMBER
Classification number 220.4
050 ## - LIBRARY OF CONGRESS CALL NUMBER
Item number T374 1990
245 #4 - TITLE STATEMENT
Title The New World dictionary-concordance to the new American Bible /
260 ## - PUBLICATION, DISTRIBUTION, ETC. (IMPRINT)
Place of publication, distribution, etc New York :
260 ## - PUBLICATION, DISTRIBUTION, ETC. (IMPRINT)
Name of publisher, distributor, etc World Pub.
260 ## - PUBLICATION, DISTRIBUTION, ETC. (IMPRINT)
Date of publication, distribution, etc 1970
300 ## - PHYSICAL DESCRIPTION
Extent 756 pages :
300 ## - PHYSICAL DESCRIPTION
Dimensions 18 cm.
650 ## - SUBJECT ADDED ENTRY--TOPICAL TERM
Topical term or geographic name as entry element Bible --
650 ## - SUBJECT ADDED ENTRY--TOPICAL TERM
Topical term or geographic name as entry element Bible -- Concordances, English -- New American Bible.
650 ## - SUBJECT ADDED ENTRY--TOPICAL TERM
General subdivision Dictionaries.
Holdings
Withdrawn status Lost status Damaged status Home library Current library Shelving location Date acquired Total Checkouts Full call number Barcode Date last seen Price effective from Koha item type
      Stonyhurst Southville International School (Batangas) Stonyhurst Southville International School (Batangas)   02/03/2017   220.4 T374 1970 US- 0757 02/03/2017 02/03/2017 Books

The New World dictionary-concordance to the new American Bible /

APA

The New World dictionary-concordance to the new American Bible. New York: .

Chicago

The New World dictionary-concordance to the new American Bible. New York: .

Harvard

The New World dictionary-concordance to the new American Bible. New York: .

MLA

New York: . .

  • Place hold
  • Print
  • Cite
  • Add to your cart (remove)
  • Save record
    BIBTEX Dublin Core MARCXML MARC (non-Unicode/MARC-8) MARC (Unicode/UTF-8) MARC (Unicode/UTF-8, Standard) MODS (XML) RIS
  • More searches
    Search for this title in:
    Other Libraries (WorldCat) Other Databases (Google Scholar) Online Stores (Bookfinder.com) Open Library (openlibrary.org)

Exporting to Dublin Core...

SOUTHVILLE LIBRARY

Southville International School and Colleges Library

1281 Tropical Ave. Cor. Luxembourg St., BF Homes International, Las Pinas City

Tel. No. 8256374 / 252358 Loc. 117/146

Powered by Koha